<?xml version="1.0" encoding="UTF-8"?><?xml-stylesheet type="text/xsl" href="static/style.xsl"?><OAI-PMH xmlns="http://www.openarchives.org/OAI/2.0/" xmlns:xsi="http://www.w3.org/2001/XMLSchema-instance" xsi:schemaLocation="http://www.openarchives.org/OAI/2.0/ http://www.openarchives.org/OAI/2.0/OAI-PMH.xsd"><responseDate>2026-06-07T23:48:12Z</responseDate><request verb="GetRecord" identifier="oai:docta.ucm.es:20.500.14352/71778" metadataPrefix="marc">https://docta.ucm.es/rest/oai/request</request><GetRecord><record><header><identifier>oai:docta.ucm.es:20.500.14352/71778</identifier><datestamp>2023-08-26T20:57:43Z</datestamp><setSpec>com_20.500.14352_14</setSpec><setSpec>col_20.500.14352_15</setSpec></header><metadata><record xmlns="http://www.loc.gov/MARC21/slim" xmlns:dcterms="http://purl.org/dc/terms/" xmlns:xsi="http://www.w3.org/2001/XMLSchema-instance" xmlns:doc="http://www.lyncode.com/xoai" xsi:schemaLocation="http://www.loc.gov/MARC21/slim http://www.loc.gov/standards/marcxml/schema/MARC21slim.xsd">
   <leader>00925njm 22002777a 4500</leader>
   <datafield ind2=" " ind1=" " tag="042">
      <subfield code="a">dc</subfield>
   </datafield>
   <datafield ind2=" " ind1=" " tag="720">
      <subfield code="a">Gutiérrez Sánchez, Pablo</subfield>
      <subfield code="e">author</subfield>
   </datafield>
   <datafield ind2=" " ind1=" " tag="720">
      <subfield code="a">Rodríguez Llorente, Diego</subfield>
      <subfield code="e">author</subfield>
   </datafield>
   <datafield ind2=" " ind1=" " tag="720">
      <subfield code="a">Navarro, Pablo</subfield>
      <subfield code="e">author</subfield>
   </datafield>
   <datafield ind2=" " ind1=" " tag="720">
      <subfield code="a">Águeda Maté, Vicente Ismael</subfield>
      <subfield code="e">author</subfield>
   </datafield>
   <datafield ind2=" " ind1=" " tag="720">
      <subfield code="a">Álvarez Torrellas, Silvia</subfield>
      <subfield code="e">author</subfield>
   </datafield>
   <datafield ind2=" " ind1=" " tag="720">
      <subfield code="a">García, Juan</subfield>
      <subfield code="e">author</subfield>
   </datafield>
   <datafield ind2=" " ind1=" " tag="720">
      <subfield code="a">Larriba Martínez, Marcos</subfield>
      <subfield code="e">author</subfield>
   </datafield>
   <datafield ind2=" " ind1=" " tag="260">
      <subfield code="c">2022-02-01</subfield>
   </datafield>
   <datafield ind2=" " ind1=" " tag="520">
      <subfield code="a">The increasing consumption of pharmaceuticals, along with the ineffectiveness of conventional wastewater treatment, has resulted in an increased presence of these pollutants in both drinking water supplies and aquatic environments. The potential adverse health effects and environmental impact of these chemicals are drawing the attention of several bodies around the world. For instance, some antibiotics such as ciprofloxacin, trimethoprim, and sulfamethoxazole have been included in the most recent European Surface Water Watch List under the EU Water Framework Directive (Decision 2020/1161). The present work proposes the use of terpenoids and eutectic solvents, as effective and green solvents with low toxicity, for multicomponent liquid-liquid extraction of ciprofloxacin, trimethoprim, and sulfamethoxazole from ultrapure water and hospital wastewater. The COSMO-RS method was used for a predictive initial solvent screening. Thymol, carvacrol, eutectic solvents (thymol + fatty acids), and conventional solvents (methyl isobutyl ketone and ethyl acetate) were selected to be used in the experiments. The influence of the volume S/F ratio, aqueous matrix, and pH was analysed. Conventional solvents show significantly lower overall extraction yields than those observed for eutectic solvents and terpenoids at any pH and matrix. Carvacrol presented the most favourable conditions, reaching overall extraction yields above 98.0% (98.9% for trimethoprim, 99.5% for ciprofloxacin, and 97.0% for sulfamethoxazole) with hospital wastewater at pH 5.0 and S/F ratio of 1.00. Carvacrol showed a feasible operating in a continuous extraction column at room temperature, providing effective reuse and regeneration processes in this study.The increasing consumption of pharmaceuticals, along with the ineffectiveness of conventional wastewater treatment, has resulted in an increased presence of these pollutants in both drinking water supplies and aquatic environments. The potential adverse health effects and environmental impact of these chemicals are drawing the attention of several bodies around the world. For instance, some antibiotics such as ciprofloxacin, trimethoprim, and sulfamethoxazole have been included in the most recent European Surface Water Watch List under the EU Water Framework Directive (Decision 2020/1161). The present work proposes the use of terpenoids and eutectic solvents, as effective and green solvents with low toxicity, for multicomponent liquid-liquid extraction of ciprofloxacin, trimethoprim, and sulfamethoxazole from ultrapure water and hospital wastewater. The COSMO-RS method was used for a predictive initial solvent screening. Thymol, carvacrol, eutectic solvents (thymol + fatty acids), and conventional solvents (methyl isobutyl ketone and ethyl acetate) were selected to be used in the experiments. The influence of the volume S/F ratio, aqueous matrix, and pH was analysed. Conventional solvents show significantly lower overall extraction yields than those observed for eutectic solvents and terpenoids at any pH and matrix. Carvacrol presented the most favourable conditions, reaching overall extraction yields above 98.0% (98.9% for trimethoprim, 99.5% for ciprofloxacin, and 97.0% for sulfamethoxazole) with hospital wastewater at pH 5.0 and S/F ratio of 1.00. Carvacrol showed a feasible operating in a continuous extraction column at room temperature, providing effective reuse and regeneration processes in this study.</subfield>
   </datafield>
   <datafield ind1="8" ind2=" " tag="024">
      <subfield code="a">1383-5866</subfield>
   </datafield>
   <datafield ind1="8" ind2=" " tag="024">
      <subfield code="a">10.1016/j.seppur.2021.120117</subfield>
   </datafield>
   <datafield ind1="8" ind2=" " tag="024">
      <subfield code="a">https://hdl.handle.net/20.500.14352/71778</subfield>
   </datafield>
   <datafield ind1="8" ind2=" " tag="024">
      <subfield code="a">https://doi.org/10.1016/j.seppur.2021.120117</subfield>
   </datafield>
   <datafield ind2="0" ind1="0" tag="245">
      <subfield code="a">Extraction of antibiotics identified in the EU Watch List 2020 from hospital wastewater using hydrophobic eutectic solvents and terpenoids</subfield>
   </datafield>
</record></metadata></record></GetRecord></OAI-PMH>